000 02598cam a22002054a 4500
005 20250605164121.0
008 250528s ||||||||||||||||||||||||d
035 _a18297
020 _a9609024661
040 _aGR-AtMCL
_bgre
_dGR-AtMCL
_eAACR2
245 1 _aΕφαρμογές Οπλισμένου Σκυροδέματος / Σύμφωνα με τον Νέο Κανονισμό Σκυροδέματος: Πίνακες Έκδοση 2.0
260 _bΠ-Systems International A.E.B.E.Λ,
_c1994
300 _a282
505 0 _aΣυνεργαζομενο Πλάτος Πλακοδοκού, Ποιότητες και Συντελεστές Ασφαλείας Σκυροδέματος, Τέμνουσα Αντοχής Δοκών από Συνδετήρες, Οριακές Ροπές Σχεδιασμού Ορθογωνικών Διατομών Δοκών, Πίνακες ΕΜΠ για τον Σχεδιασμό Ορθογωνικών Διατομών υπό Κάμψη με ή Χωρίς Ορθή Δύναμη, Μονοαξονική Κάμψη και Συμμετρικός Οπλισμός, Διαξονική Κάμψη με Ορθή Δύναμη, Λυγισμός Κυκλικής Διατομής, Λυγισμός Τετραγωνικής Διατομής και Διαξονική Ένταση, Τετραέρειστες Πλάκες (κατά Marcus), Τετραέρειστες Πλάκες (κατά Cherny), Τριέρειστες Πλάκες, Διέρειστες ΠΛΑΚΕΣ.
520 _aΣυνεργαζομενο Πλάτος Πλακοδοκού, Ποιότητες και Συντελεστές Ασφαλείας Σκυροδέματος, Τέμνουσα Αντοχής Δοκών από Συνδετήρες, Οριακές Ροπές Σχεδιασμού Ορθογωνικών Διατομών Δοκών, Πίνακες ΕΜΠ για τον Σχεδιασμό Ορθογωνικών Διατομών υπό Κάμψη με ή Χωρίς Ορθή Δύναμη, Μονοαξονική Κάμψη και Συμμετρικός Οπλισμός, Διαξονική Κάμψη με Ορθή Δύναμη, Λυγισμός Κυκλικής Διατομής, Λυγισμός Τετραγωνικής Διατομής και Διαξονική Ένταση, Τετραέρειστες Πλάκες (κατά Marcus), Τετραέρειστες Πλάκες (κατά Cherny), Τριέρειστες Πλάκες, Διέρειστες ΠΛΑΚΕΣ.
700 1 _aΚωνσταντινίδης Απόστολος
_94572
942 _cBK
999 _c3663
_d3663